000
00246nam a22001217a 4500
020
_a
978-93-83909-78-0
082
_a
001
_b
AHL/M
100
_a
AHLAWAT, ANIL
245
_a
MATH IQ CHALLENGE
520
_a
IQ CHALLENGE
650
_a
G.K
942
_c
BK
999
_c
6744
_d
6744